Navrhujeme záhon do tieňa

Bibliographic Details
Main Author: Čurda, Martin (Author)
Format: Article
Language:Slovak
PhysicalDescription:Obr., tab.
ISSN:0862-5565
Subjects:

MARC

LEADER 00000nab a2200000 ar4500
001 vtls008304330
003 SK-MaSNL
005 20260304021714.0
008 051020c2005 xo mr|p|||||||000 b|slo
015 |a SNBRB2005/10  |2 snkbucl 
038 |a SNKBUCL 
040 |a SNKBUCL  |b slo  |c SNKBUCL  |e AACR2 
041 0 |a slo 
044 |a xo  |c SK 
080 |a 635.92:712.42  |2 UDC-MRF-SK2 
080 |a 712.42  |2 UDC-MRF-SK2 
100 1 |a Čurda, Martin  |4 aut  |9 270110 
245 1 0 |a Navrhujeme záhon do tieňa  |c Martin Čurda 
300 |b Obr., tab. 
650 0 7 |a záhrady  |2 snkbucl  |9 2730 
650 0 7 |a tieňomilné rastliny  |2 snkbucl  |9 1299920 
773 0 |t Záhradkár  |g Roč. 41, č. 6 (2005), s. 78-79  |x 0862-5565 
852 |a SNK  |b KIS3GCP 
999 |c 2607204  |d 2609134